| 000 | 00888nam a22002177a 4500 | ||
|---|---|---|---|
| 999 |
_c16137 _d16137 |
||
| 003 | AR-CdUCM | ||
| 008 | 190404b ||||| |||| 00| 0 spa d | ||
| 040 |
_aMUNICIPALIDAD PROVINCIAL DEL CUSCO _cBIBLIOTECA MUNICIPAL DEL CUSCO |
||
| 082 |
_aES / 985.6121 / _bV14 |
||
| 100 |
_aValencia Zegarra, Alfredo _918086 |
||
| 245 |
_aMachu Picchu : _bLa investigación y conservación del monumento arqueológico después de Hiram Bingham / |
||
| 260 |
_aCusco : _bMercantil, _c1992. |
||
| 300 |
_a354 paginas _c22 cm. |
||
| 505 | _aContenido :Arquitectura -- El escenario natural -- Arqueología sepulcral -- Conservación y restauración -- Corologia, cronología y función ... | ||
| 650 |
_aHistoria del Perú _9259 |
||
| 650 |
_aMaravilla del mundo _924561 |
||
| 650 |
_aMachu Picchu _95672 |
||
| 700 |
_aGibaja Oviedo, Arminda _929271 |
||
| 942 |
_2ddc _cLIBROS |
||
| 945 |
_apjha _d2019-05-02 |
||